000 00317nam a2200121Ia 4500
008 190216s9999||||xx |||||||||||||| ||und||
100 _aWard A C
245 0 _aTwentieth Century English Literature
260 _bThe English Language Book Society
_c1965
300 _a239p
650 _aEnglish Literature
942 _cBK
999 _c11845
_d11845